000 00551nam a2200145 a 4500
001 000038366
005 20201002031235.0
008 130409s1981 xxu 000 0 spa d
040 _aDO-SdBNP
_bspa
_cBNPHU
100 1 _aPaxton, Geoffrey J.
_964723
245 1 3 _aEl zarandeo del adventismo /
_cGeoffrey J. Paxton.
246 1 4 _aEl zarandeo del adventismo:
_binforme documentado de la crisis interna adventista sobre la doctrina de la justificación por la fe
260 _aMichigan :
_bCasa Bautista de Publicaciones,
_c1981.
300 _a172 p. ;
_c23 cm.
999 _c37856
_d37856